Historia de la literatura hispanoamericana : época contemporánea /

Zapisane w:
Opis bibliograficzny
1. autor: Anderson Imbert, Enrique (autor)
Format: Książka
Język:hiszpański
Wydane: México : Fondo de Cultura Económica, 1970, c1954
Etykiety: Dodaj etykietę
Nie ma etykietki, Dołącz pierwszą etykiete!

MARC

LEADER 00000nam^a2200000^a^4500
001 000563599
005 20250521000000.0
009 20260310132008.509
037 |a Acervo ITESO - Biblioteca 
041 |a ESP 
091 |a FGM. 02086 
100 |a Anderson Imbert, Enrique  |e (autor) 
245 1 0 |a Historia de la literatura hispanoamericana :  |b época contemporánea / 
264 4 |a México :  |b Fondo de Cultura Económica,  |c 1970, c1954 
300 |a 466 p. 
336 |a texto  |b txt  |2 rdacontenido 
337 |a sin mediación  |b n  |2 rdamedio 
338 |a volumen  |b nc  |2 rdasoporte 
649 |a XX 
910 |a Fondo Efraín González Morfín 
920 |a Impresos - Libros 
930 |a Fondos Especiales 
905 |a 130 
901 |a 0500393860  |b IT2  |c ESL  |i D89347  |u 20250521 
902 |a https://opac.biblio.iteso.mx/vufind/Record/000563599